000 00945nam a2200265 a 4500
001 BRCA_4355
005 20190320204635.0
008 300410s1955----mx-a######---#000-0#spa-#
041 _aspa
044 _amx
050 4 _aQ23
_b.M46 9 1955
245 1 0 _aMemorias y revista de la Academia Nacional de Ciencias
_b(Antigua Sociedad Científica Antonio Alzate).
_cpresidente ejecutivo Nabor Carrillo
260 _aMéxico
_bAcademia Nacional de Ciencias
_c1955
300 _a246-572 p.
_bil.
_c23 cm.
500 _aTomo 57, Núms. 3-4, 1955
500 _aRevista inventariada por Banco de México como libro
500 _aEstado físico; lomo y tapas rotas
500 _aVer también AA19, C30, H31, H56, Q141, Q142, Q143, Q144, X9 y X39
500 _aS126
650 1 4 _aCiencia
_vPublicaciones periódicas
_910791
700 1 _aCarrillo, Nabor
_911119
710 2 _aAcademia Nacional de Ciencias
_910792
902 _aGFM
942 _2lcc
_cB
999 _c4066
_d4066